| 000 | 006120000a22001930004500 | ||
|---|---|---|---|
| 999 |
_c54366 _d54366 |
||
| 001 | 768714001 | ||
| 003 | CO-MdFUSB | ||
| 005 | 20170823170000.0 | ||
| 008 | 170823s2002 xxu||||| |||| 00| 0 eng d | ||
| 022 | _a0120-3649 | ||
| 040 |
_aCO-MdFUSB _bspa _cCO-MdFUSB _dCO-MdFUSB |
||
| 041 | _aeng | ||
| 100 | 1 |
_aStern, Ephraim _eautor |
|
| 245 | 1 | 0 |
_aThe Babylonian gap revisited : _byes there was |
| 300 |
_aVolumen 28. Número 3 (2002), Páginas 39 _c28 cm. |
||
| 546 | _aTexto en inglés | ||
| 773 | 0 |
_tBiblical Archaeology Review _049395 _959462 _gVolumen 28. Número 3 (2002), Página 39 _qPágina 39 |
|
| 942 | _cANA | ||